01126nam a2200241 a 450000100060000000300080000600500170001400800410003102000170007203500190008904000270010804100080013508200250014324501160016826000490028430000250033350400370035850503840039565000240077970000220080370000310082570000280085669239BD-RjUL20211209081849.0170410s1998 ii a b 001 0 eng d a8120411544 : a(BD-RjUL)69450 aDLCcDLCdBD-RjULbeng aeng 223a660.65bREC 199800aRecent advances in marine biotechnology /cMilton Fingerman, Rachakonda Nagabhushanam and Mary-Frances Thompson aNew Delhi :bOxford and IBH Pub. Co.,c1998. aV. :bill. ;c24 cm. aIncludes bibliography and index.1 aV.-2--Environmental Marine Biotechnology.--v. 3. Biofilms, bioadhesion, corrosion, and biofouling -- v. 4. Aquaculture-- v. 5. Immunobiology and pathology -- v. 6. Bio-organic compounds : chemistry and biomedical applications-- v. 7. Seafood safety and human health -- v. 8. Bioremediation -- v. 9. Biomaterials and bioprocessing -- v. 10. Molecular genetics of marine organisms. aGenetic engineering1 aFingerman, Milton1 aNagabhushanam, Rachakonda.1 aThompson, Mary-Frances